Thơ Tố Hữu
vv
Đã lưu trong:
| Tác giả chính: | |
|---|---|
| Định dạng: | Sách |
| Năm xuất bản: |
H.
Giáo dục
1974
|
| Series: | (Tác phẩm chọn lọc dùng trong nhà trường)
|
| Chủ đề: | |
| Tags: |
Thêm thẻ
Không có thẻ, Hãy là người đầu tiên gắn thẻ bản ghi này!
|
| LEADER | 01459nam a2200241 4500 | ||
|---|---|---|---|
| 082 | |a 895.922134 |b T450H | ||
| 100 | |a Tố Hữu | ||
| 245 | |a Thơ Tố Hữu |c Tố Hữu | ||
| 260 | |a H. |b Giáo dục |c 1974 | ||
| 300 | |a 236tr. |c 21cm | ||
| 490 | |a (Tác phẩm chọn lọc dùng trong nhà trường) | ||
| 520 | |a vv | ||
| 653 | |a Văn học hiện đại | ||
| 653 | |a Thế kỷ XX | ||
| 653 | |a Việt Nam | ||
| 653 | |a Thơ | ||
| 942 | |2 ddc |c STK0 | ||
| 999 | |c 3825 |d 3825 | ||
| 952 | |0 0 |1 0 |2 ddc |4 0 |6 895_922134000000000_T450H |7 1 |8 800 |9 38907 |a qbu |b qbu |c D5 |d 2014-12-17 |g 46000 |l 1 |o 895.922134 T450H |p 3886.C1 |r 2018-05-11 |s 2018-05-03 |w 2014-12-17 |y STK0 |0 0 |6 895_922134000000000_T450H | ||
| 952 | |0 0 |1 0 |2 ddc |4 0 |6 895_922134000000000_T450H |7 0 |8 800 |9 38908 |a qbu |b qbu |c D5 |d 2014-12-17 |g 46000 |o 895.922134 T450H |p 3886.C2 |r 0000-00-00 |w 2014-12-17 |y STK0 |0 0 |6 895_922134000000000_T450H | ||
| 952 | |0 0 |1 0 |2 ddc |4 0 |6 895_922134000000000_T450H |7 0 |8 800 |9 38909 |a qbu |b qbu |c D5 |d 2014-12-17 |g 46000 |l 1 |o 895.922134 T450H |p 3886.C3 |r 2016-04-13 |s 2016-04-11 |w 2014-12-17 |y STK0 |0 0 |6 895_922134000000000_T450H | ||
| 952 | |0 0 |1 0 |2 ddc |4 0 |6 895_922134000000000_T450H |7 0 |8 800 |9 38910 |a qbu |b qbu |c D5 |d 2014-12-17 |g 46000 |l 3 |o 895.922134 T450H |p 3886.C4 |r 2015-10-02 |s 2015-09-23 |w 2014-12-17 |y STK0 |0 0 |6 895_922134000000000_T450H | ||
| 952 | |0 0 |1 0 |2 ddc |4 0 |6 895_922134000000000_T450H |7 0 |8 800 |9 38911 |a qbu |b qbu |c D5 |d 2014-12-17 |g 46000 |o 895.922134 T450H |p 3886.C5 |r 0000-00-00 |w 2014-12-17 |y STK0 |0 0 |6 895_922134000000000_T450H | ||